000 00442cam a2200169ua 4500
020 _a0-07-099035-2
_c$4.95
041 _aeng
_h
082 _a512.9434
_bAYR/TH
100 _aAyres, Frank .
245 _aTheory and problems of matrices /
_cFrank Ayres.
_hTextual Documents
260 _aSingapore :
_bMcGraw Hill Book Company ,
_c1983.
300 _a219 ; .
365 _a$4.95
504 _a
942 _cBK
999 _c9399
_d9399